| 000 | 00540nam a2200169 i 4500 | ||
|---|---|---|---|
| 001 | 47853 | ||
| 003 | ES-MaACL | ||
| 005 | 20230906161639.0 | ||
| 007 | t| | ||
| 008 | 030612s1917 ag ||||1| spa d | ||
| 245 | 0 | 0 |
_aChispazos de sol _b: crestomatía poética / _checha por Alemany Villa. |
| 250 | _a2ª ed. (económica). | ||
| 260 |
_aBuenos Aires : _bLibrería Científica y Literaria "El Ateneo", _c[1917?] |
||
| 300 |
_a341 p. ; _c21 cm. |
||
| 700 | 1 |
_aAlemany Villa. _919737 |
|
| 852 |
_aES-MaACL _jD-809 _q. - Ded.autógr. del autor |
||
| 999 |
_c47853 _d47853 |
||